Normal view MARC view
  • Library Bureau

Entry Corporate Name

Number of records used in: 1

001 - CONTROL NUMBER

  • control field: 36971

003 - CONTROL NUMBER IDENTIFIER

  • control field: NUST

005 - DATE AND TIME OF LATEST TRANSACTION

  • control field: 20210314130136.0

008 - FIXED-LENGTH DATA ELEMENTS

  • fixed length control field: 210314|| aca||aabn | a|a d

040 ## - CATALOGING SOURCE

  • Original cataloging agency: NUST
  • Transcribing agency: NUST

110 ## - HEADING--CORPORATE NAME

  • Corporate name or jurisdiction name as entry element: Library Bureau

670 ## - SOURCE DATA FOUND

  • Source citation: Work cat.: (NUST): Remington Rand, inc. 36968, Progressive indexing and filing;, 1950 [i.e. 1951]
© 2023 Central Library, National University of Sciences and Technology. All Rights Reserved.